Your Hair and Its Care /

Guía para el cuidado del cabello y del cuero cabelludo que tiene como objetivo comprender la salud de la piel de la cabeza. Explica tanto los procesos naturales relacionados con el ciclo vital (encanecimiento y calvicie), como algunos problemas médicos que pueden presentarse en el cuero cabelludo y...

Descripció completa

Guardat en:
Dades bibliogràfiques
Autor principal: Levin, Oscar L. (autor)
Altres autors: Behrman, Howard T. (autor) (autor)
Format: Llibre
Idioma:anglès
Publicat: Nueva York, EUA : Emerson, 1947, c1945
Matèries:
Etiquetes: Afegir etiqueta
Sense etiquetes, Sigues el primer a etiquetar aquest registre!

MARC

LEADER 00000nam^a2200000^a^4500
001 000326998
005 20250521000000.0
009 20260310113822.923
037 |a Acervo ITESO - Biblioteca 
041 |a ING 
082 |a 646. 724  |b LEV 
100 |a Levin, Oscar L.  |e (autor) 
245 1 0 |a Your Hair and Its Care /  |c O.L. Levin, H.T. Behrman. 
264 4 |a Nueva York, EUA :  |b Emerson,  |c 1947, c1945 
300 |a 184 p. 
336 |a texto  |b txt  |2 rdacontenido 
337 |a sin mediación  |b n  |2 rdamedio 
338 |a volumen  |b nc  |2 rdasoporte 
520 |a Guía para el cuidado del cabello y del cuero cabelludo que tiene como objetivo comprender la salud de la piel de la cabeza. Explica tanto los procesos naturales relacionados con el ciclo vital (encanecimiento y calvicie), como algunos problemas médicos que pueden presentarse en el cuero cabelludo y los síntomas de enfermedades que pueden ser descubiertos por medio de su observación. 
649 |a XX 
650 |a Cabello -  |x Cuidado e Higiene -  |x Tema Principal 
650 |a Cabello -  |x Enfermedades 
650 |a Piel -  |x Enfermedades 
650 |a Imagen Personal 
650 |a Arreglo y Cuidado Personal -  |x Tema Principal 
650 |a Prácticas Culturales 
650 |a Administración del Hogar 
700 |a Behrman, Howard T.  |e (autor) 
910 |a Fondo Ignacio Díaz Morales 
920 |a Impresos - Libros 
930 |a Arquitectos Jaliscienses 
905 |a 114 
901 |a 0500215890  |b IT1  |c JAL  |i D59614  |u 20250521 
902 |a https://opac.biblio.iteso.mx/vufind/Record/000326998